Plant cell culture by Hamish A Collin and Sue Edwards (Record no. 1209226)

MARC details
000 -LEADER
fixed length control field 01094nam a2200313Ia 4500
003 - CONTROL NUMBER IDENTIFIER
control field OSt
005 - DATE AND TIME OF LATEST TRANSACTION
control field 20221007121718.0
008 - FIXED-LENGTH DATA ELEMENTS--GENERAL INFORMATION
fixed length control field 221006b |||||||| |||| 00| 0 eng d
020 ## - INTERNATIONAL STANDARD BOOK NUMBER
International Standard Book Number 1872748473 (pbk)
037 ## - SOURCE OF ACQUISITION
Terms of availability Textual
040 ## - CATALOGING SOURCE
Original cataloging agency BDL
Transcribing agency BDL
Language of cataloging eng
041 ## - LANGUAGE CODE
Source of code eng
Language code of text/sound track or separate title eng
100 ## - MAIN ENTRY--PERSONAL NAME
Personal name Collin Hamish A
245 #0 - TITLE STATEMENT
Title Plant cell culture by Hamish A Collin and Sue Edwards
Remainder of title Edwards Sue
260 ## - PUBLICATION, DISTRIBUTION, ETC.
Place of publication, distribution, etc. Oxford
Name of publisher, distributor, etc. Bios Scientific Publishers
Date of publication, distribution, etc. 1998
300 ## - PHYSICAL DESCRIPTION
Extent ix,158p
Dimensions cm.
490 ## - SERIES STATEMENT
Series statement Introduction to biotechniques series
500 ## - GENERAL NOTE
General note Includes bibliographical references; Appendix 151-154p; Index 155-158p; ^n23/CSL/Carb/98-99/6557^d1998-09-10^mPurchase; ; 98-99/203^b1998-09-22^c089^d1998-09-14^eN R Book Distributors ; ; 1998-10-06
650 ## - SUBJECT ADDED ENTRY--TOPICAL TERM
Topical term or geographic name entry element Cell
9 (RLIN) 650605
650 ## - SUBJECT ADDED ENTRY--TOPICAL TERM
Topical term or geographic name entry element Genetics
650 ## - SUBJECT ADDED ENTRY--TOPICAL TERM
Topical term or geographic name entry element Plant science
700 ## - ADDED ENTRY--PERSONAL NAME
Personal name Edwards Sue
942 ## - ADDED ENTRY ELEMENTS (KOHA)
Classification part I,11:6, N8
Koha item type Textual
Source of classification or shelving scheme Colon Classification (CC)
Holdings
Withdrawn status Lost status Source of classification or shelving scheme Damaged status Not for loan Home library Current library Date acquired Source of acquisition Total Checkouts Full call number Barcode Date last seen Price effective from Koha item type
    Colon Classification (CC)     Department of Botany Library Department of Botany Library 2022-10-07 N R,   I,11:6 N8 BD0004593 2022-10-07 2022-10-07 Textual
Copyright @ Delhi University Library System